| 000 | 00469cam a22001337a 4500 | ||
|---|---|---|---|
| 008 | 180718b1966 xxu||||| |||| 00| 0 eng d | ||
| 082 | _aAAx54 R118/Ar14 | ||
| 100 | _aArapura, J.G. | ||
| 245 |
_aRadhakrishnan and integral experience: the philosophy and world vision of Sarvepalli Radhakrishnan _cby J.G. Arapura |
||
| 260 |
_aBombay _bAsia _c1966 |
||
| 300 | _a211p. | ||
| 650 | _aRadhakrishnan, Saravepalli - Criticism and Interpretation | ||
| 650 | _aPhilosophy, Indian | ||
| 999 |
_c358259 _d358259 |
||